Elemterefiş: Osmanlı'da batıl itikatlar ve büyü (1839-1923) (Record no. 10805)

MARC details
000 -BAŞLIK
Sabit Uzunlukta Kontrol Alanı 00707na a2200229 4500
001 - KONTROL NUMARASI
Denetim Alanı 24305
003 - KONTROL NUMARASI IDENTIFIER
Denetim Alanı MIRAKIL
005 - SON İŞLEM TARİHİ VE ZAMANI
Denetim Alanı 20181213155334.0
008 - SABİT-BOY VERİ ELEMANLARI - GENEL BİLGİLER
Sabit Uzunlukta Kontrol Alanı 180911b tu 000 0
020 ## - ULUSLARARASI STANDART KİTAP NUMARASI
Uluslararası Standart Kitap Numarası 9786050946192
040 ## - KATALOGLAMA KAYNAK
Orijinal Kataloglama Ajansı Milas
Kataloglama Dili tur
Metne Dönüştürmek Ajansı TR-AnCHP
041 ## - DİL KODU
Metin / Ses Parça Veya Ayrı Başlığın Dil Kodu tur
082 ## - DEWEY ONLU SINIFLANDIRMA NUMARASI
Sınıflandırma Numarası 398.41089943
Ürün Numarası U48e 2017
090 ## - SINIFLAMA NUMARASI
Sınıflama Numarası 398.41089943 U48e 2017
100 ## - ANA GİRİŞ - KİŞİSEL İSİM
Kişisel Ad Uluğ, Nİmet Elif
245 ## - BAŞLIK TABLOSU
Başlık Elemterefiş: Osmanlı'da batıl itikatlar ve büyü (1839-1923)
Sorumluluk Tablosu, Vb Nimet Elif Uluğ
260 ## - YAYIN, DAĞITIM, VB
Yayın, Dağıtım, Vb Yeri İstanbul
Yayıncı, Dağıtıcı, Vs Adı Doğan Kitap
Yayın, Dağıtım, Vb Tarihi 2017
300 ## - FİZİKSEL TANIM
Kapsam 293 s.
Boyutlar 21 sm.
650 ## - KONU KATMA GİRİŞ - TOPİKAL DÖNEM
Topikal Süreli Veya Coğrafi Ad Giriş Elemanı Halk inanışlar
Genel Alt Bölümü Türkler
Kronolojik Alt Bölümü Osmanlı İmparatorluğu
650 ## - KONU KATMA GİRİŞ - TOPİKAL DÖNEM
Topikal Süreli Veya Coğrafi Ad Giriş Elemanı Batıl İnançlar
Genel Alt Bölümü Osmanlı İmparatorluğu
942 ## - EKLENDİ GİRİŞ ELEMANLARI (KOHA)
Sınıflandırma Veya Raf Düzeni Kaynak
Koha Öğesi Türü Books
999 ## - SİSTEM KONTROL NUMARALARI (KOHA)
Koha Biblionumber 10805
Koha Biblioitemnumber 10805
Holdings
Kalıcı Konum Mevcut Konum Edinme Tarihi Edinim Kaynak Toplam Check-Out'Lar Tam Çağrı Numarası Barkod Tarih Son Görülme İtibaren Geçerli Fiyatlar Koha Öğesi Türü
CHP Kütüphanesi CHP Kütüphanesi 09/11/2018 Bağış   398.41089943 U48e 2017 018383 09/11/2018 09/11/2018 Books